[Event "Krajský pøebor jednotlivcù KHŠS 2014"]
[Site "Janske Lazne"]
[Date "2014.05.10"]
[Round "7.13"]
[White "Smolej, Lukas"]
[Black "Dungl, Petr"]
[Result "1/2-1/2"]
[WhiteElo "2014"]
[BlackElo "1889"]
[PlyCount "81"]
[EventDate "2014.05.06"]

1. d4 d5 2. Nc3 Nf6 3. Bg5 c6 4. e3 Qb6 5. Rb1 Ne4 6. Nxe4 dxe4 7. Qd2 Bf5 8.
Ne2 h6 9. Bf4 Nd7 10. a4 e6 11. h4 Nf6 12. a5 Qb4 13. a6 Qxd2+ 14. Kxd2 b5 15.
c3 Nd5 16. Bg3 Be7 17. Nf4 Kd7 18. Nxd5 exd5 19. b4 Bd6 20. Be2 h5 21. Ra1 Rag8
22. Bxd6 Kxd6 23. g4 Bxg4 24. Rhg1 Bxe2 25. Kxe2 g6 26. Rg2 Re8 27. Rg5 Re6 28.
Rag1 Rhe8 29. R5g3 Rf6 30. Rf1 Ree6 31. f4 exf3+ 32. Rgxf3 Rxf3 33. Rxf3 Ke7
34. Rh3 Re4 35. Kf2 Rg4 36. Rh1 Ke6 37. Rh3 f5 38. Kf3 Rg1 39. Rg3 Rxg3+ 40.
Kxg3 Kf7 41. Kf3 1/2-1/2

[Event "Krajský pøebor jednotlivcù KHŠS 2014"]
[Site "Janske Lazne"]
[Date "2014.05.10"]
[Round "7.14"]
[White "Ruzickova, Radka"]
[Black "Rusnak, Jan"]
[Result "0-1"]
[WhiteElo "1820"]
[BlackElo "1991"]
[PlyCount "72"]
[EventDate "2014.05.06"]

1. e4 Nf6 2. e5 Nd5 3. d4 d6 4. Nf3 g6 5. Bc4 c6 6. O-O Bg7 7. Re1 O-O 8. Bb3
Bg4 9. h3 Bxf3 10. Qxf3 dxe5 11. dxe5 e6 12. c4 Nb6 13. Nc3 N8d7 14. Bf4 Qc7
15. Qe3 a5 16. a3 a4 17. Ba2 Ra5 18. Rad1 Bxe5 19. Bh6 Bg7 20. Bxg7 Kxg7 21.
Ne4 Rf5 22. Nd6 Re5 23. Qd4 f6 24. c5 Nd5 25. Ne4 Qa5 26. f4 Rf5 27. Ng5 Nxc5
28. Nxe6+ Nxe6 29. Rxe6 Rxf4 30. Re7+ Kh8 31. Qxf4 Nxf4 32. Rdd7 Qh5 33. Rxb7
Rd8 34. Kh2 Qh4 35. Ra7 Nxh3 36. Re3 Nf4+ 0-1

[Event "Krajský pøebor jednotlivcù KHŠS 2014"]
[Site "Janske Lazne"]
[Date "2014.05.10"]
[Round "7.15"]
[White "Bradac, Daniel"]
[Black "Kabelka, Ondrej"]
[Result "1-0"]
[WhiteElo "1947"]
[BlackElo "1785"]
[PlyCount "81"]
[EventDate "2014.05.06"]

1. e4 e6 2. d3 d5 3. Nd2 c5 4. g3 Nc6 5. Bg2 Nf6 6. Ngf3 d4 7. O-O Bd6 8. Nh4
g5 9. Nhf3 h6 10. Nc4 Be7 11. Nfe5 Nxe5 12. Nxe5 Qc7 13. f4 gxf4 14. Bxf4 Bd6
15. Nxf7 Kxf7 16. Bxd6 Qxd6 17. Qh5+ Ke7 18. Rxf6 Kxf6 19. Rf1+ Ke7 20. e5 Qd7
21. Qf7+ Kd8 22. Qf6+ Qe7 23. Qxh8+ Kc7 24. h4 Rb8 25. Qg8 Bd7 26. Qg6 Rf8 27.
Rf6 Qd8 28. Qxh6 Rg8 29. Kh2 Rh8 30. Qg7 Rg8 31. Qf7 Re8 32. h5 Re7 33. Qf8 Be8
34. h6 b6 35. Be4 Qd7 36. Kg2 Kd8 37. h7 Rxh7 38. Bxh7 Qxh7 39. Rxe6 Qb7+ 40.
Kg1 Qd7 41. Rd6 1-0

[Event "Krajský pøebor jednotlivcù KHŠS 2014"]
[Site "Janske Lazne"]
[Date "2014.05.10"]
[Round "7.16"]
[White "Mladek, Richard"]
[Black "Framberk, Jan"]
[Result "1/2-1/2"]
[WhiteElo "1610"]
[BlackElo "2032"]
[PlyCount "117"]
[EventDate "2014.05.06"]

1. e4 c5 2. Nc3 Nc6 3. g3 g6 4. Bg2 Bg7 5. d3 e6 6. f4 d6 7. Nf3 Nge7 8. O-O
O-O 9. Be3 Nd4 10. e5 Nef5 11. Bf2 Nxf3+ 12. Qxf3 Nd4 13. Qd1 dxe5 14. fxe5
Bxe5 15. Ne4 f5 16. Nxc5 Qd6 17. b4 Nc6 18. Rb1 f4 19. Ne4 Qc7 20. Bc5 Bd4+ 21.
Bxd4 Nxd4 22. c3 Nc6 23. Qb3 Kg7 24. d4 Bd7 25. b5 Na5 26. Qb4 Nc4 27. Rxf4
Rxf4 28. gxf4 Rf8 29. Rf1 Ne3 30. Ng5 Bc8 31. Rf2 Nxg2 32. Kxg2 h6 33. Ne4 b6
34. Qd6 Qf7 35. Qe5+ Kh7 36. Nd6 Bb7+ 37. Kg3 Qc7 38. Nxb7 Qxb7 39. Qxe6 Qh1
40. d5 Qg1+ 41. Rg2 Qc1 42. Qe5 Rc8 43. Qe7+ Kh8 44. Qf6+ Kh7 45. Qf7+ Kh8 46.
Qf6+ Kh7 47. Kh4 Qe1+ 48. Rg3 g5+ 49. fxg5 hxg5+ 50. Kh5 Qe2+ 51. Kxg5 Qd2+ 52.
Kh4 Qxh2+ 53. Rh3 Rc4+ 54. Kg5+ Qxh3 55. Qg6+ Kh8 56. Qe8+ Kg7 57. Qe7+ Kg8 58.
Qe8+ Kg7 59. Qe7+ 1/2-1/2

[Event "Krajský pøebor jednotlivcù KHŠS 2014"]
[Site "Janske Lazne"]
[Date "2014.05.10"]
[Round "7.18"]
[White "Nosek, Jan"]
[Black "Kotyza, Bohumil"]
[Result "1/2-1/2"]
[WhiteElo "1770"]
[BlackElo "1905"]
[PlyCount "104"]
[EventDate "2014.05.06"]

1. e4 e6 2. d4 d5 3. Nd2 dxe4 4. Nxe4 Nd7 5. Nf3 Ngf6 6. Nxf6+ Nxf6 7. Bd3 c5
8. dxc5 Bxc5 9. Qe2 Qb6 10. O-O O-O 11. Ne5 Qc7 12. Bf4 Bd6 13. Bg3 g6 14. Nc4
Bxg3 15. hxg3 Kg7 16. Qe5 Qxe5 17. Nxe5 b6 18. Rfd1 Bb7 19. f3 Rac8 20. c3 Rfd8
21. Bc2 Nd5 22. Kf2 Kf6 23. Ng4+ Ke7 24. Bb3 f6 25. Ne3 Nxe3 26. Kxe3 e5 27.
Rxd8 Rxd8 28. Rd1 Rxd1 29. Bxd1 Kd6 30. Bb3 Bc6 31. Bg8 h6 32. Bf7 g5 33. Bg6
Bb5 34. Bb1 Be8 35. a3 h5 36. Bc2 Bd7 37. Bg6 h4 38. gxh4 gxh4 39. Bc2 f5 40.
Kf2 f4 41. Ke2 Bb5+ 42. Bd3 Ba4 43. b4 a5 44. Bc4 Kc6 45. Kd3 Kd6 46. Ke2 Bc6
47. Bb3 axb4 48. axb4 e4 49. fxe4 Bxe4 50. Kf2 Ke5 51. Bd1 Kd5 52. Bb3+ Ke5
1/2-1/2

[Event "Krajský pøebor jednotlivcù KHŠS 2014"]
[Site "Janske Lazne"]
[Date "2014.05.10"]
[Round "7.19"]
[White "Peniska, Pavel"]
[Black "Portych, Vaclav"]
[Result "1/2-1/2"]
[WhiteElo "1905"]
[BlackElo "1818"]
[PlyCount "110"]
[EventDate "2014.05.06"]

1. e4 c5 2. Nc3 Nc6 3. g3 g6 4. Bg2 Bg7 5. f4 e6 6. d3 Nge7 7. Nf3 O-O 8. O-O
d5 9. Ne2 b6 10. c3 Bb7 11. Qc2 dxe4 12. dxe4 Qc7 13. Be3 Rfd8 14. Rfd1 Rxd1+
15. Rxd1 Rd8 16. g4 Na5 17. Rxd8+ Qxd8 18. Nd2 Qd7 19. Ng3 Ba6 20. Bf1 Bxf1 21.
Kxf1 Nac6 22. Ke2 Kf8 23. Qd3 Qxd3+ 24. Kxd3 Ke8 25. Nc4 Kd7 26. a4 Nc8 27. e5
Bf8 28. Ne4 Be7 29. Bf2 Ke8 30. Bg3 Kd7 31. Ned2 f5 32. exf6 Bxf6 33. Ne4 Be7
34. Ned2 Nd6 35. Nxd6 Bxd6 36. Ke4 Ke7 37. Bh4+ Kd7 38. Nc4 Bc7 39. h3 a6 40.
Bf6 b5 41. axb5 axb5 42. Na3 b4 43. Nc4 bxc3 44. bxc3 Ke8 45. Be5 Bd8 46. Bd6
Bf6 47. Be5 Be7 48. Bd6 Bf6 49. Ne5 Bxe5 50. Bxe5 Kd7 51. f5 gxf5+ 52. gxf5
exf5+ 53. Kxf5 Ke7 54. Bf4 Kf7 55. Bc7 Ke7 1/2-1/2

[Event "Krajský pøebor jednotlivcù KHŠS 2014"]
[Site "Janske Lazne"]
[Date "2014.05.10"]
[Round "7.20"]
[White "Chalupecky, Vladimir"]
[Black "Tsapanidis, Vasilis"]
[Result "1-0"]
[WhiteElo "2006"]
[BlackElo "1779"]
[PlyCount "120"]
[EventDate "2014.05.06"]

1. e4 e6 2. d4 d5 3. Nc3 dxe4 4. Nxe4 Be7 5. Be3 Nd7 6. Bd3 Ngf6 7. f3 Nd5 8.
Bd2 c6 9. Ne2 Nb4 10. Bc4 Nf6 11. Nxf6+ gxf6 12. a3 Nd5 13. Bb3 f5 14. c4 Nf6
15. Bc3 Rg8 16. g3 Nh5 17. Qc2 Bd7 18. O-O-O Qc7 19. d5 O-O-O 20. f4 c5 21. Be5
Qb6 22. Rd3 Nf6 23. d6 Ne4 24. dxe7 Rde8 25. Rxd7 Kxd7 26. Ba4+ Kxe7 27. Bxe8
Rxe8 28. Rd1 f6 29. Bc3 Qc6 30. Be1 Rb8 31. Nc3 Nd6 32. Qd3 a6 33. g4 b5 34.
gxf5 Nxf5 35. Qe4 Qc8 36. Nd5+ Kf7 37. Ne3 Nxe3 38. Qxe3 bxc4 39. Bc3 Qc6 40.
Qh3 Qe4 41. f5 Qf4+ 42. Kb1 Qe4+ 43. Ka1 Qxf5 44. Rd7+ Kg8 45. Qxf5 exf5 46.
Bxf6 h6 47. Rd8+ Rxd8 48. Bxd8 Kf7 49. Kb1 Ke6 50. Kc2 Kd5 51. Kc3 f4 52. Bh4
h5 53. Bf2 Ke4 54. Kxc4 Kf3 55. Bxc5 Kg2 56. h4 f3 57. b4 Kg3 58. a4 Kxh4 59.
b5 Kg3 60. b6 h4 1-0

[Event "Krajský pøebor jednotlivcù KHŠS 2014"]
[Site "Janske Lazne"]
[Date "2014.05.10"]
[Round "7.21"]
[White "Neubauer, Vilem"]
[Black "Peroutka, Ivo"]
[Result "0-1"]
[WhiteElo "1840"]
[BlackElo "1938"]
[PlyCount "86"]
[EventDate "2014.05.06"]

1. f4 d5 2. g3 Nf6 3. Bg2 Bf5 4. Nf3 e6 5. O-O c6 6. b3 Nbd7 7. Bb2 Bc5+ 8. Kh1
Qb6 9. a4 O-O 10. a5 Qc7 11. c3 Ng4 12. h3 Nf2+ 13. Rxf2 Bxf2 14. e3 Bxg3 15.
d4 Nf6 16. Nbd2 Ne4 17. Nxe4 Bxe4 18. Ng5 Bxg2+ 19. Kxg2 Bh4 20. Nxh7 Kxh7 21.
Qh5+ Kg8 22. Qxh4 Qd8 23. Qf2 Qf6 24. Rg1 b6 25. a6 Rad8 26. Ba3 Rfe8 27. Kh2
g6 28. Rg5 Kg7 29. Qf3 Rh8 30. Qg2 Rd7 31. Qe2 Qd8 32. Rg3 Qc7 33. Bc1 f5 34.
Ba3 Qc8 35. Qa2 Kf7 36. Bb2 c5 37. Qa4 Rc7 38. dxc5 bxc5 39. c4 Rd8 40. Qa1
dxc4 41. Bg7 Rd2+ 42. Kg1 Qd8 43. Qa5 Rd1+ 0-1

[Event "Krajský pøebor jednotlivcù KHŠS 2014"]
[Site "Janske Lazne"]
[Date "2014.05.10"]
[Round "7.22"]
[White "Plchot, Miroslav"]
[Black "Svec, Ludek"]
[Result "1-0"]
[WhiteElo "1932"]
[BlackElo "1749"]
[PlyCount "75"]
[EventDate "2014.05.06"]

1. e4 c5 2. b3 Nc6 3. Bb2 d6 4. Nc3 Nf6 5. Nf3 g6 6. Bc4 Bg7 7. O-O O-O 8. Re1
e5 9. d3 Bh6 10. Bc1 Bxc1 11. Qxc1 Kg7 12. h3 a6 13. Nh2 Nd4 14. a4 Bd7 15. Ne2
Nxe2+ 16. Rxe2 b5 17. Bd5 Nxd5 18. exd5 bxa4 19. bxa4 a5 20. f4 f6 21. c3 Rb8
22. d4 cxd4 23. cxd4 Qb6 24. Nf3 Rfc8 25. Qe1 Bf5 26. fxe5 dxe5 27. Kh1 Bd3 28.
dxe5 Bxe2 29. Qxe2 fxe5 30. Ng5 Qb2 31. Qf1 Rb7 32. Rd1 Qb3 33. d6 Rf8 34. Qe2
e4 35. Nxe4 Qxa4 36. Nc5 Re8 37. Nxa4 Rxe2 38. d7 1-0

[Event "Krajský pøebor jednotlivcù KHŠS 2014"]
[Site "Janske Lazne"]
[Date "2014.05.10"]
[Round "7.23"]
[White "Jina, Lubos"]
[Black "Vystrcil, Martin"]
[Result "0-1"]
[WhiteElo "1809"]
[BlackElo "1794"]
[PlyCount "130"]
[EventDate "2014.05.06"]

1. d4 Nf6 2. c4 g6 3. Nc3 d6 4. Nf3 Bg7 5. e3 O-O 6. Be2 Bg4 7. h3 Bxf3 8. Bxf3
Nc6 9. O-O Nd7 10. Qa4 e5 11. Bxc6 bxc6 12. Ne2 c5 13. dxe5 Nxe5 14. Qc2 Rb8
15. Rb1 Nc6 16. b3 a5 17. Bb2 Nb4 18. Qd2 Qd7 19. Bxg7 Kxg7 20. Nc3 f6 21. Na4
Rf7 22. Rfd1 Qc6 23. a3 Na6 24. Qxa5 Ra8 25. Qd2 Re7 26. Nc3 Nb8 27. Nd5 Re8
28. a4 Nd7 29. Qc3 Re6 30. a5 Ra7 31. Ra1 Re8 32. Ra3 Rea8 33. Rda1 Qb7 34. Qd2
Ne5 35. Nf4 Kf7 36. Nd5 Kg7 37. Qc2 Kf7 38. Qc3 Kg7 39. h4 Nd7 40. Qd3 Ne5 41.
Qe2 Qc8 42. f3 h5 43. Nc3 Ra6 44. Nd5 R6a7 45. Qc2 Kf7 46. a6 Rxa6 47. Rxa6
Rxa6 48. Rd1 Ra7 49. Kh2 Qa8 50. Kg3 Qg8 51. Qe4 f5 52. Qc2 Qa8 53. Qc3 Rb7 54.
f4 Ng4 55. Qd3 Qa2 56. Rd2 Qxb3 57. Nc3 Kg7 58. Rc2 Rb4 59. e4 Qxc4 60. Qxc4
Rxc4 61. exf5 Nf6 62. Kh2 Nd5 63. fxg6 Rxc3 64. Rf2 Nf6 65. Re2 Ng4+ 0-1

[Event "Krajský pøebor jednotlivcù KHŠS 2014"]
[Site "Janske Lazne"]
[Date "2014.05.10"]
[Round "7.24"]
[White "Laloucek, Miroslav"]
[Black "Tobiskova, Petra"]
[Result "1/2-1/2"]
[WhiteElo "1812"]
[BlackElo "1591"]
[PlyCount "100"]
[EventDate "2014.05.06"]

1. d4 Nf6 2. Nf3 d5 3. Bf4 e6 4. e3 Bd6 5. Bxd6 Qxd6 6. Bd3 Nbd7 7. Nbd2 c6 8.
c4 b6 9. Rc1 O-O 10. O-O Re8 11. Re1 e5 12. dxe5 Nxe5 13. Nxe5 Rxe5 14. Nf3 Rh5
15. h3 c5 16. e4 dxe4 17. Bxe4 Nxe4 18. Rxe4 Qxd1+ 19. Rxd1 Bb7 20. Re3 Rf5 21.
Ne1 Rf4 22. b3 Re4 23. Rd7 Rxe3 24. fxe3 Be4 25. Nd3 f6 26. g3 Bf5 27. Rd6 Bxh3
28. Kf2 Bf5 29. a3 Kf7 30. Nf4 Ke7 31. Rd2 Be4 32. Nd5+ Kf7 33. Nc3 Bf5 34. e4
Bg4 35. Ke3 Re8 36. Nb5 Re7 37. b4 cxb4 38. axb4 f5 39. Rd4 g5 40. c5 bxc5 41.
bxc5 h5 42. c6 h4 43. gxh4 gxh4 44. c7 fxe4 45. c8=Q Bxc8 46. Nd6+ Kg6 47. Nxc8
Re6 48. Rxe4 Rxe4+ 49. Kxe4 a5 50. Nb6 Kg5 1/2-1/2

[Event "Krajský pøebor jednotlivcù KHŠS 2014"]
[Site "Janske Lazne"]
[Date "2014.05.10"]
[Round "7.25"]
[White "Sadil, Jan"]
[Black "Mares, Ilja"]
[Result "1-0"]
[WhiteElo "1723"]
[BlackElo "1786"]
[PlyCount "97"]
[EventDate "2014.05.06"]

1. e4 c6 2. d4 d5 3. exd5 cxd5 4. Nf3 a6 5. c3 Bf5 6. Bd3 Bg6 7. O-O e6 8. Re1
Bd6 9. Bg5 Qc7 10. h3 Bxd3 11. Qxd3 h6 12. Bc1 Nd7 13. Nbd2 Ngf6 14. Nf1 O-O
15. Ne3 b5 16. a3 Rac8 17. Ng4 Nxg4 18. hxg4 g5 19. Qd2 Bf4 20. Qe2 Bd6 21. Qd2
Be7 22. g3 Kh8 23. Kg2 Nf6 24. Ne5 Ne4 25. Qe3 Kg7 26. f3 Nd6 27. Rh1 Nc4 28.
Nxc4 bxc4 29. Qe2 Bd6 30. Rh3 Rb8 31. Qf2 f5 32. gxf5 exf5 33. Qd2 Qe7 34. f4
gxf4 35. gxf4 Qe4+ 36. Kf1 Rf6 37. Qh2 Re8 38. Re3 Bxf4 39. Rxe4 Bxh2 40. Rxe8
Rg6 41. Be3 f4 42. Bf2 h5 43. Rae1 Rb6 44. R8e7+ Kf6 45. Bh4+ Kf5 46. R1e2 Bg3
47. Bxg3 fxg3 48. Kg2 Kg4 49. Rg7+ 1-0

[Event "Krajský pøebor jednotlivcù KHŠS 2014"]
[Site "Janske Lazne"]
[Date "2014.05.11"]
[Round "8.2"]
[White "Juptner, Jan"]
[Black "Tazlar, Petr"]
[Result "1/2-1/2"]
[WhiteElo "2351"]
[BlackElo "2200"]
[PlyCount "26"]
[EventDate "2014.05.06"]

1. d4 Nf6 2. c4 e6 3. Nc3 Bb4 4. Nf3 b6 5. Bg5 Bb7 6. e3 h6 7. Bh4 Bxc3+ 8.
bxc3 d6 9. Nd2 Nbd7 10. f3 Qe7 11. Be2 e5 12. Bf2 O-O 13. O-O e4 1/2-1/2

[Event "Krajský pøebor jednotlivcù KHŠS 2014"]
[Site "Janske Lazne"]
[Date "2014.05.11"]
[Round "8.3"]
[White "Kaderabek, Jiri"]
[Black "Jedlicka, Lubos"]
[Result "1/2-1/2"]
[WhiteElo "2123"]
[BlackElo "2230"]
[PlyCount "49"]
[EventDate "2014.05.06"]

1. e4 c5 2. Nf3 d6 3. d4 cxd4 4. Nxd4 Nf6 5. Nc3 g6 6. Bc4 Bg7 7. O-O O-O 8.
Re1 Nc6 9. Bb3 Na5 10. h3 b6 11. Bg5 Nxb3 12. axb3 Bb7 13. Nd5 Qd7 14. c4 Rfe8
15. Qd2 Nxd5 16. exd5 e5 17. dxe6 fxe6 18. Nb5 d5 19. Nxa7 d4 20. Nb5 e5 21.
Rxa8 Rxa8 22. Bh6 Bf6 23. Bg5 Bg7 24. Bh6 Bf6 25. Bg5 1/2-1/2

[Event "Krajský pøebor jednotlivcù KHŠS 2014"]
[Site "Janske Lazne"]
[Date "2014.05.11"]
[Round "8.4"]
[White "Vavrinec, Tomas"]
[Black "Moravec, Vit"]
[Result "0-1"]
[WhiteElo "2025"]
[BlackElo "2177"]
[PlyCount "130"]
[EventDate "2014.05.06"]

1. e4 d6 2. d4 Nf6 3. Nc3 g6 4. Be2 Bg7 5. h3 O-O 6. Nf3 c5 7. Be3 cxd4 8. Nxd4
Nc6 9. O-O Bd7 10. Qd2 Rc8 11. Nxc6 Bxc6 12. f3 a6 13. a4 d5 14. exd5 Nxd5 15.
Nxd5 Qxd5 16. Qxd5 Bxd5 17. c3 Rfd8 18. Rfd1 Bb3 19. Rxd8+ Rxd8 20. Kf2 e5 21.
Ke1 f5 22. Bd1 Be6 23. Bc2 Kf7 24. Rd1 Rc8 25. Ke2 Bf8 26. Bg5 h6 27. Be3 Kf6
28. Bb6 Be7 29. Ke3 h5 30. h4 Kf7 31. g3 Rc6 32. Bd8 Bc5+ 33. Ke2 Bc4+ 34. Ke1
Ke6 35. Bg5 Bd5 36. Ke2 Bd6 37. Kf2 Rc8 38. Bh6 Rb8 39. Ra1 Bc4 40. b3 Bd5 41.
c4 Bc6 42. Be3 a5 43. Bb6 Bb4 44. Rd1 Rc8 45. Ke3 Bd7 46. Rd5 Bc6 47. Rd1 Rg8
48. Rd8 Rxd8 49. Bxd8 Be1 50. g4 hxg4 51. fxg4 fxg4 52. Ke2 Bc3 53. Kf2 e4 54.
Bd1 Kf5 55. Kg3 Be1+ 56. Kg2 e3+ 57. Kf1 Bc3 58. Bb6 Bd2 59. Be2 Bf3 60. Bd3+
Be4 61. Bxe4+ Kxe4 62. Ke2 g3 63. Bc7 g2 64. Bh2 Bb4 65. Bg1 Bc5 0-1

[Event "Krajský pøebor jednotlivcù KHŠS 2014"]
[Site "Janske Lazne"]
[Date "2014.05.11"]
[Round "8.6"]
[White "Pychova, Nela"]
[Black "Ptacek, Tomas"]
[Result "1/2-1/2"]
[WhiteElo "2034"]
[BlackElo "1996"]
[PlyCount "48"]
[EventDate "2014.05.06"]

1. c4 e6 2. Nf3 Nf6 3. g3 d5 4. b3 Bd6 5. Bb2 Nbd7 6. Bg2 c6 7. d4 O-O 8. O-O
b6 9. Nbd2 Bb7 10. e3 Rc8 11. Ne5 c5 12. Rc1 Rc7 13. Ndf3 cxd4 14. exd4 Qa8 15.
Nxd7 Nxd7 16. Qe2 Rfc8 17. Nd2 Bf8 18. Rfd1 g6 19. Nb1 Bg7 20. Na3 dxc4 21.
Bxb7 Qxb7 22. bxc4 Nb8 23. Nb5 Rd7 24. Rc2 a6 1/2-1/2

[Event "Krajský pøebor jednotlivcù KHŠS 2014"]
[Site "Janske Lazne"]
[Date "2014.05.11"]
[Round "8.7"]
[White "Skrivanek, Jan"]
[Black "Matejovsky, Ondrej"]
[Result "0-1"]
[WhiteElo "2168"]
[BlackElo "1988"]
[PlyCount "86"]
[EventDate "2014.05.06"]

1. e4 e5 2. d4 exd4 3. Nf3 d5 4. exd5 Qxd5 5. Be2 Bb4+ 6. Bd2 Bxd2+ 7. Qxd2 Nf6
8. O-O O-O 9. Na3 c6 10. Rad1 Bg4 11. Rfe1 Nbd7 12. h3 Bh5 13. Qf4 Rfe8 14. Bc4
Qa5 15. g4 Bg6 16. Rxe8+ Rxe8 17. Rxd4 Nb6 18. Bb3 Nbd5 19. Qd6 Qc7 20. Nc4 Qe7
21. Qxe7 Rxe7 22. g5 Ne4 23. Ne3 Nc7 24. Rd8+ Ne8 25. h4 h6 26. gxh6 gxh6 27.
Nd4 N4d6 28. Kh2 Re4 29. Nf3 Bh5 30. Kg3 Bxf3 31. Kxf3 Rxh4 32. Ng4 Kf8 33. Rd7
Rxg4 34. Rxd6 Nxd6 35. Kxg4 Ne4 36. Kf5 Nd2 37. Ba4 b5 38. Bxb5 cxb5 39. b3 b4
40. Ke5 Kg7 41. Kd4 h5 42. Ke3 Nb1 43. Kf4 Kf6 0-1

[Event "Krajský pøebor jednotlivcù KHŠS 2014"]
[Site "Janske Lazne"]
[Date "2014.05.11"]
[Round "8.8"]
[White "Haman, Jakub"]
[Black "Rojikova, Lenka"]
[Result "1/2-1/2"]
[WhiteElo "2151"]
[BlackElo "1935"]
[PlyCount "140"]
[EventDate "2014.05.06"]

1. e4 c5 2. Nf3 d6 3. d4 cxd4 4. Nxd4 Nf6 5. Nc3 a6 6. Bg5 Nbd7 7. f4 Qc7 8.
Qf3 h6 9. Bxf6 Nxf6 10. f5 Qc5 11. O-O-O g5 12. Nd5 Nxd5 13. exd5 Bg7 14. Nb3
Qc7 15. Bd3 Bd7 16. Rde1 Bf6 17. Re4 Qb6 18. Rhe1 O-O-O 19. c3 a5 20. Nd2 Kb8
21. Qe3 Qxe3 22. R4xe3 Rc8 23. Kb1 Ka7 24. h3 Rhe8 25. Rf3 Rc5 26. c4 Rcc8 27.
Ne4 Kb6 28. b3 Be5 29. g4 f6 30. h4 h5 31. Rg1 Bd4 32. Rg2 hxg4 33. Rxg4 gxh4
34. Nxd6 exd6 35. Rxd4 Re1+ 36. Kb2 Rg8 37. Rxh4 Rg2+ 38. Kc3 Kc5 39. Rf1 Rxf1
40. Bxf1 Rg3+ 41. Kb2 Rf3 42. Bh3 Bxf5 43. Bxf5 Rxf5 44. Rh7 a4 45. Rxb7 axb3
46. axb3 Kd4 47. Rd7 Kc5 48. Rc7+ Kb4 49. Rb7+ Kc5 50. Kc3 Rf3+ 51. Kd2 f5 52.
Ke2 Rh3 53. Rc7+ Kb4 54. c5 dxc5 55. Rb7+ Kc3 56. d6 Rh8 57. Ke3 Rd8 58. d7 c4
59. b4 Kb2 60. Rc7 c3 61. b5 c2 62. b6 c1=Q+ 63. Rxc1 Kxc1 64. b7 Rf8 65. Kf4
Kd2 66. Ke5 f4 67. Kd6 f3 68. Kc7 f2 69. b8=Q Rxb8 70. Kxb8 f1=Q 1/2-1/2

[Event "Krajský pøebor jednotlivcù KHŠS 2014"]
[Site "Janske Lazne"]
[Date "2014.05.11"]
[Round "8.9"]
[White "Rusnak, Jan"]
[Black "Valenta, Vit"]
[Result "1/2-1/2"]
[WhiteElo "1991"]
[BlackElo "2137"]
[PlyCount "117"]
[EventDate "2014.05.06"]

1. e4 c5 2. c3 Nc6 3. d4 cxd4 4. cxd4 d5 5. exd5 Qxd5 6. Nf3 Bg4 7. Be2 e6 8.
Nc3 Qa5 9. O-O Nf6 10. Qb3 Qb6 11. Qxb6 axb6 12. Be3 Nd5 13. Nxd5 exd5 14. a3
Be7 15. Rac1 Bf6 16. Bb5 Bd7 17. Bf4 O-O 18. Bc7 Bd8 19. Bxd8 Rfxd8 20. Rfe1
Kf8 21. Rc3 Rac8 22. Rec1 f6 23. Kf1 Ke7 24. Ke2 Kd6 25. Kd2 Bg4 26. Be2 Na5
27. b4 Rxc3 28. Rxc3 Nc6 29. Kd3 Re8 30. h3 Bh5 31. g4 Bg6+ 32. Kd2 Be4 33. Re3
Ra8 34. Bb5 Nd8 35. Ne1 Ne6 36. Bd3 Rxa3 37. Bxe4 Rxe3 38. Kxe3 dxe4 39. Kxe4
Ng5+ 40. Ke3 Nxh3 41. f4 Kd5 42. Nd3 g5 43. fxg5 fxg5 44. Ne5 Nf4 45. Nd7 b5
46. Nf6+ Kc4 47. Nxh7 Nd5+ 48. Kd2 Kxd4 49. Nxg5 Nxb4 50. Ne6+ Kd5 51. Nc7+ Kc6
52. Ne6 Nd5 53. g5 Ne7 54. Kc3 Kd6 55. Nd4 Kc5 56. Ne6+ Kd6 57. Nd4 Kc5 58.
Ne6+ Kd5 59. Nc7+ 1/2-1/2

[Event "Krajský pøebor jednotlivcù KHŠS 2014"]
[Site "Janske Lazne"]
[Date "2014.05.11"]
[Round "8.10"]
[White "Cap, Adam"]
[Black "Bradac, Daniel"]
[Result "1-0"]
[WhiteElo "2134"]
[BlackElo "1947"]
[PlyCount "63"]
[EventDate "2014.05.06"]

1. e4 c5 2. Nf3 Nc6 3. d4 cxd4 4. Nxd4 g6 5. c4 Bg7 6. Be3 Nf6 7. Nc3 O-O 8.
Be2 d6 9. Qd2 Ng4 10. Bxg4 Bxg4 11. O-O Bd7 12. Rfd1 Ne5 13. b3 Ng4 14. Bg5 h6
15. Bh4 g5 16. Bg3 f5 17. Nxf5 Bxf5 18. exf5 Rxf5 19. Rac1 h5 20. Qe2 Qe8 21.
Nd5 Rxd5 22. Qe6+ Kh8 23. Rxd5 Bf6 24. Re1 Qg6 25. h3 Nh6 26. c5 h4 27. Bh2
dxc5 28. Be5 g4 29. Qxe7 Ng8 30. Bxf6+ Nxf6 31. Rd6 gxh3 32. Qxf6+ 1-0

[Event "Krajský pøebor jednotlivcù KHŠS 2014"]
[Site "Janske Lazne"]
[Date "2014.05.11"]
[Round "8.11"]
[White "Pavlicek, Miroslav"]
[Black "Pycha, Patrik"]
[Result "1/2-1/2"]
[WhiteElo "2022"]
[BlackElo "2013"]
[PlyCount "164"]
[EventDate "2014.05.06"]

1. c4 Nf6 2. Nc3 e6 3. d4 d5 4. Bg5 Be7 5. Nf3 O-O 6. e3 h6 7. Bxf6 Bxf6 8. Bd3
dxc4 9. Bxc4 c5 10. d5 Bxc3+ 11. bxc3 exd5 12. Bxd5 Nd7 13. O-O Nf6 14. Bb3 b5
15. a4 b4 16. Qxd8 Rxd8 17. Ne5 Be6 18. Bxe6 fxe6 19. cxb4 cxb4 20. Nc6 Rd2 21.
Nxb4 Rad8 22. Ra2 Rxa2 23. Nxa2 Rd3 24. Rc1 Ra3 25. Nc3 Nd5 26. Ne4 Kf7 27. Nc5
Nb6 28. g3 Nxa4 29. Ne4 a5 30. Rc7+ Kf8 31. Ra7 Nc3 32. Nxc3 Rxc3 33. Rxa5 Kf7
34. Kg2 Kf6 35. h4 Rb3 36. g4 Rb2 37. Kg3 Rb4 38. f4 Rb1 39. Ra6 h5 40. g5+ Kf7
41. Ra7+ Kf8 42. Kf3 g6 43. Ke4 Rb5 44. Rc7 Ra5 45. Kd4 Rd5+ 46. Kc4 Rd1 47.
Rb7 Rd5 48. Rb5 Rd1 49. Rb3 Rd5 50. Rd3 Ra5 51. Kb4 Rf5 52. Rd7 Ke8 53. Rc7 Rd5
54. Kc4 Kf8 55. Rc5 Rd1 56. Rc8+ Ke7 57. Rc7+ Kf8 58. Kc5 Rd3 59. e4 Rd1 60. e5
Rd5+ 61. Kb6 Rd4 62. Kc6 Rd5 63. Rd7 Ra5 64. Kc7 Ra7+ 65. Kc6 Ra6+ 66. Kb5 Ra1
67. Rd4 Ke7 68. Rc4 Rb1+ 69. Kc6 Ra1 70. Kb7 Rh1 71. Rc7+ Kd8 72. Rg7 Rxh4 73.
Rxg6 Rxf4 74. Rxe6 Kd7 75. Rd6+ Ke7 76. Kc6 Rf5 77. Kd5 Rxg5 78. Rh6 Rg7 79.
Rxh5 Rg6 80. Rh7+ Ke8 81. Rc7 Rh6 82. Rc6 Rxc6 1/2-1/2

[Event "Krajský pøebor jednotlivcù KHŠS 2014"]
[Site "Janske Lazne"]
[Date "2014.05.11"]
[Round "8.12"]
[White "Havelka, Petr"]
[Black "Smolej, Lukas"]
[Result "1/2-1/2"]
[WhiteElo "1871"]
[BlackElo "2014"]
[PlyCount "190"]
[EventDate "2014.05.06"]

1. d4 d5 2. c4 Nc6 3. Nf3 Bg4 4. e3 e5 5. dxe5 dxc4 6. Qxd8+ Rxd8 7. Bxc4 Nxe5
8. Be2 Bxf3 9. gxf3 Nf6 10. Bd2 Be7 11. Nc3 c6 12. O-O-O O-O 13. h4 Nd3+ 14.
Bxd3 Rxd3 15. Ne2 Nh5 16. Ng3 Nxg3 17. fxg3 Bc5 18. Kc2 Rfd8 19. Bc1 Rxd1 20.
Rxd1 Rxd1 21. Kxd1 f5 22. Ke2 h5 23. e4 fxe4 24. fxe4 Kf7 25. Bf4 Ke6 26. Kd3
b5 27. b3 Bf2 28. Ke2 Bg1 29. Kd3 Kd7 30. Be5 g6 31. Bf4 c5 32. Bg5 Ke6 33. Bf4
a6 34. Kc3 Bh2 35. Kd3 g5 36. Be3 Bxg3 37. Bxg5 Bd6 38. Be3 Be7 39. Bf2 Ke5 40.
Bg3+ Ke6 41. Bf2 Bd6 42. Be1 Bf4 43. Bf2 Kd6 44. Be1 Be5 45. Bf2 Bf6 46. Bg3+
Ke6 47. Bf2 Be5 48. Be1 Bd4 49. Bg3 Kd7 50. Be1 Kc6 51. Bg3 Bg7 52. Bf4 Bf8 53.
Bg3 Be7 54. Be1 Kb6 55. Bg3 Kc6 56. Bf2 Bf6 57. Bg3 Bd4 58. Be1 Kd7 59. Bg3 Bg1
60. Kc3 Ke6 61. Kd3 Bd4 62. Be1 Bg1 63. Bg3 Kf6 64. Kc3 Be3 65. Kd3 Bc1 66. Kc2
Bh6 67. Kd3 Bf8 68. Bf4 Ke6 69. Bg3 Bd6 70. Bf2 Bh2 71. Ke2 Ke5 72. Kd3 c4+ 73.
bxc4 bxc4+ 74. Kxc4 Kxe4 75. Bb6 Bd6 76. Bd8 Kf5 77. a4 Kg4 78. a5 Bg3 79. Kc5
Bxh4 80. Bxh4 Kxh4 81. Kb6 Kg4 82. Kxa6 h4 83. Kb7 h3 84. a6 h2 85. a7 h1=Q+
86. Kb8 Qh8+ 87. Kb7 Qg7+ 88. Kb8 Qe5+ 89. Kb7 Qe7+ 90. Kb8 Qd6+ 91. Kb7 Qb4+
92. Ka8 Qc5 93. Kb7 Qe7+ 94. Kb8 Qd8+ 95. Kb7 Qe7+ 1/2-1/2

[Event "Krajský pøebor jednotlivcù KHŠS 2014"]
[Site "Janske Lazne"]
[Date "2014.05.11"]
[Round "8.13"]
[White "Dungl, Petr"]
[Black "Stradej, Vlastimil"]
[Result "1/2-1/2"]
[WhiteElo "1889"]
[BlackElo "1993"]
[PlyCount "29"]
[EventDate "2014.05.06"]

1. d4 d5 2. c4 c6 3. Nc3 e5 4. dxe5 d4 5. Ne4 Qa5+ 6. Nd2 Nd7 7. Ngf3 Nxe5 8.
Nxd4 Nxc4 9. e3 Nxd2 10. Bxd2 Bb4 11. a3 Bxd2+ 12. Qxd2 Qxd2+ 13. Kxd2 Nf6 14.
Bd3 O-O 15. Rhd1 1/2-1/2